000 01895nab a2200241 i 4500
003 BR-BrBNA
005 20250415140454.0
008 250415b2016 bl.qr|pooa||| 00| 0 por |
040 _aBR-BrBNA
_bpor
072 _aF70
100 _aMota, Nara Furtado de Oliveira
100 _aGiulietti, Ana Maria
245 _aFlora das cangas da Serra dos Carajás, Pará, Brasil: Thymelaeaceae
500 _aPublicação on-line; 7 ref.; 2 illus.; Summaries (En, Pt)
520 _a Resumo Este estudo engloba a única espécie de Thymelaeaceae registrada para as cangas da Serra dos Carajás, no estado do Pará, trazendo descrição detalhada, ilustração e comentários morfológicos. Daphnopsis filipedunculata é descrita para a Serra dos Carajás, sendo considerada restrita as formações de cangas da região, ocorrendo até o presente apenas em três áreas da Serra Norte: platôs N1, N2 e N5. Palavras-chave: canga, endemismo, FLONA Carajás. Abstract This study presents the only species of Thymelaeaceae recorded for the cangas of the Serra dos Carajás, in Pará state: detailed description, illustration and morphologic comments on the species are given. Daphnopsis filipedunculata is described to the Serra dos Carajás and this species is considered restricted to the canga formations in the region, recorded in only three areas of Serra Norte so far: N1, N2 and N5 plateaus. Key words: canga, endemism, FLONA Carajás.
650 _aCARAJÁS
650 _aTAXONOMIA
650 _aTHYMELAEACEAE
773 0 _0709
_9349694
_dRio de Janeiro-RJ Jardim Botanico do Rio de Janeiro 1935
_o2025-2214
_tRodriguésia (Brazil)
_x0370-6583; 2175-7860 on-line
_gv. 67(5 special number) p. 1481-1484; (2016)
_wBR2025000690
856 _uhttps://www.scielo.br/j/rod/a/pL4jZ8Pp35d8f3fvWwj9x6M/?format=pdf&lang=pt
942 _cANA
999 _c331048
_d331048